#1 Hits of the 2010's (Extreme Edition) - Statistics

General Stats
  • This quiz has been taken 30 times
    28 since last reset
  • The average score is 71 of 224
Answer Stats
Hint Answer % Correct
Katy Perry
96%
Drake
88%
Kendrick Lamar
88%
Kanye West
83%
Lady Gaga
83%
Beyoncé
79%
Pitbull
79%
T.I.
79%
Ed Sheeran
75%
Justin Bieber
75%
Rihanna
75%
Taylor Swift
75%
Timber
75%
Kesha
71%
Ariana Grande
67%
Billie Eilish
67%
Bruno Mars
67%
Roar
67%
Tik Tok
63%
Bad Blood
58%
Justin Timberlake
58%
Selena Gomez
58%
The Weeknd
58%
Adele
54%
Bad Guy
54%
California Gurls
54%
Sorry
54%
Cardi B
50%
Dark Horse
50%
Eminem
50%
E.T.
50%
Lil Nas X
50%
Lil Wayne
50%
Maroon 5
50%
Snoop Dogg
50%
Travis Scott
50%
Uptown Funk
50%
2010 Firework
46%
Grenade
46%
Mark Ronson
46%
Pink
46%
Post Malone
46%
Rolling in the Deep
46%
Shape of You
46%
Christina Aguilera
42%
Luis Fonsi
42%
Old Town Road
42%
Shake It Off
42%
Someone Like You
42%
The Black Eyed Peas
42%
The Chainsmokers
42%
Usher
42%
Work
42%
7 Rings
38%
Bad Bunny
38%
Billy Ray Cyrus
38%
B.o.B.
38%
Britney Spears
38%
Camila Cabello
38%
DJ Khaled
38%
Fun
38%
2015 Hello
38%
Last Friday Night (T.G.I.F.)
38%
Macklemore & Ryan Lewis
38%
Mariah Carey
38%
Rude
38%
Shawn Mendes
38%
Starboy
38%
Teenage Dream
38%
The Hills
38%
Thrift Shop
38%
2014 Blank Space
33%
Bodak Yellow
33%
Born This Way
33%
Bradley Cooper
33%
Calvin Harris
33%
Diamonds
33%
Flo Rida
33%
Halsey
33%
Happy
33%
Humble
33%
Love Yourself
33%
Miley Cyrus
33%
One Dance
33%
Pharrell Williams
33%
Shallow
33%
S&M
33%
2011 We Found Love
33%
21 Savage
29%
Can't Feel My Face
29%
Can't Hold Us
29%
Circles
29%
Closer
29%
Daft Punk
29%
Despacito
29%
Fancy
29%
God's Plan
29%
Iggy Azalea
29%
Just the Way You Are
29%
Love the Way You Lie
29%
Moves Like Jagger
29%
Ne-Yo
29%
Nice for What
29%
2017 Perfect
29%
Sia
29%
Sunflower
29%
Taio Cruz
29%
Thank U, Next
29%
2013 The Monster
29%
Wiz Khalifa
29%
All About That Bass
25%
2019 All I Want for Christmas Is You
25%
2016 Black Beatles
25%
Call Me Maybe
25%
Carly Rae Jepsen
25%
Charli XCX
25%
Gotye
25%
I Like It
25%
I'm the One
25%
Juicy J
25%
Kelly Clarkson
25%
2012 Locked Out of Heaven
25%
Look What You Made Me Do
25%
Lorde
25%
Magic!
25%
Meghan Trainor
25%
Migos
25%
Omi
25%
Only Girl (In the World)
25%
Quavo
25%
Rude Boy
25%
2018 Sicko Mode
25%
Swae Lee
25%
We Are Young
25%
What's My Name?
25%
XXXTentacion
25%
All of Me
21%
Can't Stop the Feeling!
21%
Chance the Rapper
21%
Cheerleader
21%
Daddy Yankee
21%
Far East Movement
21%
Havana
21%
In My Feelings
21%
J Balvin
21%
John Legend
21%
Kyla
21%
Lewis Capaldi
21%
Lizzo
21%
LMFAO
21%
Ludacris
21%
Part of Me
21%
Party Rock Anthem
21%
Rae Sremmurd
21%
Rockstar
21%
Royals
21%
See You Again
21%
Señorita
21%
Set Fire to the Rain
21%
Somebody That I Used to Know
21%
We Are Never Ever Getting Back Together
21%
We R Who We R
21%
What Do You Mean?
21%
When I Was Your Man
21%
Wizkid
21%
Wrecking Ball
21%
Zayn
21%
Afrojack
17%
Baauer
17%
Bad and Boujee
17%
Charlie Puth
17%
Cheap Thrills
17%
Girls Like You
17%
Give Me Everything
17%
Harlem Shake
17%
Imma Be
17%
Kimbra
17%
Like a G6
17%
Lose You to Love Me
17%
Nate Ruess
17%
Nayer
17%
Nothin' on You
17%
OMG
17%
Psycho
17%
Sad!
17%
Sean Paul
17%
Sexy and I Know It
17%
Someone You Loved
17%
That's What I Like
17%
Truth Hurts
17%
Ty Dolla Sign
17%
will.i.am
17%
Black and Yellow
13%
Childish Gambino
13%
Heartless
13%
Hold It Against Me
13%
Janelle Monáe
13%
Just Give Me a Reason
13%
Not Afraid
13%
Panda
13%
Pillowtalk
13%
Raise Your Glass
13%
Ray Dalton
13%
Stronger (What Doesn't Kill You)
13%
Wanz
13%
Whistle
13%
Without Me
13%
Young Thug
13%
Blurred Lines
8%
Break Your Heart
8%
Desiigner
8%
GoonRock
8%
Gucci Mane
8%
Highest in the Room
8%
Jonas Brothers
8%
Lauren Bennett
8%
One More Night
8%
Robin Thicke
8%
Sucker
8%
Dev
4%
Lil Uzi Vert
4%
The Cataracts
4%
This Is America
4%
No matching quizzes found
Score Distribution
Percent of People with Each Score
Percentile by Number Answered
Your Score History
You have not taken this quiz since the last reset